1467 1007 1470 1792 1844 1567 1924 1082 1732 1000 1127 1428 1907 1891 1992 1317 1923 1763 1358 1227 1384 1976 1252 1839 1502 1754 1820 1446 1657 1700 1114 1107 1341 1429 1425 1901 1451 1118 1934 1687 1795 1065 1623 1341 1849 1929 1056 2000 1906 1097 1086 1141 1875 1239 1215 1245 1367 1625 1822 1269 1006 1634 1233 1462 1062 1470 1558 1685 1870 1241 1851 1094 1797 1207 1687 1289 1673 1757 1556 1045 1778 1768 1126 1768 1377 1080 1495 1446 1896 1910 1128 1275 1121 1708 1250 1297 1269 1363 1517 BCNSPRNW ULIB Ver.6.0+V

เปลี่ยนเป็นภาษาไทย

Change to English
 แสดงรายละเอียดบรรณานุกรม
  กลับหน้าหลัก

Brief Record : Get Marc (ISO 2709) : E-mail record : QR code < ปิดหน้าต่าง
LEADER : 00000nam 2200000uu 4500
001    13399112568
003     ULIB
008    110825s2547||||th 000 0 tha d
020    9744094133
050 04 HQ769^bก322ล 2547
245 00 กว่า...ลูกจะอายุ 8 ขวบ ก็เกือบสายเสียแล้ว /^cเรียบเรียงโดย ชมรมผู้รักเด็ก
246 30 กว่าลูกจะอายุ 8 ขวบ ก็เกือบสายเสียแล้ว
250    พิมพ์ครั้งที่ 1
260    กรุงเทพฯ :^bสุขภาพใจ,^c2547
300    291 หน้า ;^c21 ซม
505 2  สร้างสรรค์บรรยากาศภายในบ้านให้ลูกเฉลียวฉลาดได้อย่างน่าอัศจรรย์ --เทคนิคการกระตุ้นสติปัญญาทารกแรกเกิด-ขวบปีแรกให้เป็นเด็กฉลาดหลักแหลม -- ยกระดับสติปัญญาลูกรักในช่วงแรกเกิด-3 ขวบอันนับเป็นช่วงวิกฤต -- เทคนิคการกระตุ้นความเฉลียวฉลาดของลูกวัย 3-6 ขวบ -- ควรสอนลูกให้อ่านหนังสือออกก่อนเข้าเรียนหรือไม่ -- สนับสนุนลูกให้มีความคิดสร้างสรรค์อย่างถูกวิธี -- แนวความคิดของนักจิตวิทยาการเลี้ยงดูเด็กที่นำมาใช้ที่บ้านได้ผลดี
650  7 การเรียนรู้
650  7 เด็ก^xการดูแล
650  7 จิตวิทยาเด็ก
945    ^p0^l0^i017040
995    ทศพร
999 ^a ใช้งานได้ทุกระบบ
รายการนี้ยังไม่มีแท็ก
คุณยังไม่ได้ล็อกอิน คุณสามารถมีกิจกรรมร่วมกับเว็บไซต์ได้ แต่ต้องล็อกอินก่อน ::
  ล็อกอิน

รายการสื่อสารสนเทศ

ลำดับที่ ประเภท เลขเรียก/บาร์โค้ด สถานที่ สถานะ
- ไม่พบข้อมูล -

รายการใกล้เคียง
    หัวเรื่อง [การเรียนรู้]
    หัวเรื่อง [เด็ก การดูแล]
    หัวเรื่อง [จิตวิทยาเด็ก]

BibComment


ยังไม่เคยถูกคอมเมนท์

คอมเมนท์ทรัพยากรรายการนี้
  คอมเมนท์: กว่าลูกจะอายุ 8 ข..


 Copyright 2026. Bcnsprnw @Library